000 00458nam a22001337a 4500
040 _cNUST
082 _a220 PRO
100 _aMuhammad Hassaan Zubair Ali Fazeel Jamil Usman Bin Wilayat
_9100928
110 _c Project Supervisor: Dr. Rashid Naseer
245 _aPR-SOF-2167-Design and Fabrication Of 6-Axis Robotic Manipulator For Paint Application
260 _aISLAMABAD:
_bNUST COLLEGE OF EME,
_c2022.
650 _aDE-MECH-40
_9100340
942 _2ddc
_cPR
999 _c591983
_d591983